00555nam a2200193Ia 4500008004100000020001800041082000800059100001800067245004300085250000600128260002600134300001000160500002400170650002300194700003000217942000700247952009000254999001700344230524s9999 xx 000 0 und d a9789382219088 bPAR aK.Park942234 0aEssentials of Community Health Nursing a7 aKolkatabBhanotc2015 a528p; aQuantity Number: 1 aBio-Medical942048 a Banarsidas Bhanot942235 cBK 00104070aTATCLbTATCLcGENd2023-05-24l0o PARp53960r2023-05-24w2023-05-24yBK c56586d56586